书目信息 |
| 题名: |
家的书
|
|
| 作者: | 考薇 著 | |
| 分册: | ||
| 出版信息: | 石家庄 花山文艺出版社 2018 |
|
| 页数: | 218页 | |
| 开本: | 24cm | |
| 丛书名: | ||
| 单 册: | ||
| 中图分类: | F299.233 , TU767.7 | |
| 科图分类: | ||
| 主题词: | 住宅--zhu zhai--租赁--基本知识--中国 , 住宅--zhu zhai--选购--基本知识--中国 , 住宅--zhu zhai--室内装修--基本知识 | |
| 电子资源: | ||
| ISBN: | 978-7-5511-3735-5 | |
| 000 | 01037nam0 2200289 450 | |
| 001 | 012001011388 | |
| 005 | 20131018081738.0 | |
| 010 | @a978-7-5511-3735-5@dCNY36.80 | |
| 099 | @aCAL 012018067356 | |
| 100 | @a20180606d2018 em y0chiy50 ea | |
| 101 | 0 | @achi |
| 102 | @aCN@b130000 | |
| 105 | @ay z 000yy | |
| 106 | @ar | |
| 200 | 1 | @a家的书@Ajia de shu@e写给年轻人的租房、买房、装修全攻略@f考薇著 |
| 210 | @a石家庄@c花山文艺出版社@d2018 | |
| 215 | @a218页@d24cm | |
| 330 | @a本书以当下年轻人最关心的“房子”为主题,分为“租房记”“购房、供房、装修记”“关于房子那些事儿”三大部分。 | |
| 517 | 1 | @a写给年轻人的租房、买房、装修全攻略@Axie gei nian qing ren de zu fang、mai fang、zhuang xiu quan gong lue |
| 606 | 0 | @a住宅@Azhu zhai@x租赁@x基本知识@y中国 |
| 606 | 0 | @a住宅@Azhu zhai@x选购@x基本知识@y中国 |
| 606 | 0 | @a住宅@Azhu zhai@x室内装修@x基本知识 |
| 690 | @aF299.233@v5 | |
| 690 | @aTU767.7@v5 | |
| 701 | 0 | @a考薇@Akao wei@c(女)@4著 |
| 801 | 2 | @aCN@b上海新华@c20191020 |
| 905 | @b1183142-4@dF299.233@e1710@f3 | |
| 家的书:写给年轻人的租房、买房、装修全攻略/考薇著.-石家庄:花山文艺出版社,2018 |
| 218页;24cm |
| ISBN 978-7-5511-3735-5:CNY36.80 |
| 本书以当下年轻人最关心的“房子”为主题,分为“租房记”“购房、供房、装修记”“关于房子那些事儿”三大部分。 |
| ● |
| 相关链接 |
|
|
|
|
正题名:家的书
索取号:F299.233/1710
 
预约/预借
| 序号 | 登录号 | 条形码 | 馆藏地/架位号 | 状态 | 备注 |
| 1 | 1183142 | 211831428 | 第一样本阅览室/ [索取号:F299.233/1710] | 在馆 | |
| 2 | 1183143 | 211831437 | 第一借阅区/ [索取号:F299.233/1710] | 在馆 | |
| 3 | 1183144 | 211831446 | 第一借阅区/ [索取号:F299.233/1710] | 在馆 |